Heaven / (Record no. 11028)

MARC details
000 -LEADER
fixed length control field 01728nam a22002417a 4500
003 - CONTROL NUMBER IDENTIFIER
control field GBCCL
005 - DATE AND TIME OF LATEST TRANSACTION
control field 20251113134503.0
008 - FIXED-LENGTH DATA ELEMENTS--GENERAL INFORMATION
fixed length control field 251113b |||||||| |||| 00| 0 eng d
020 ## - INTERNATIONAL STANDARD BOOK NUMBER
International Standard Book Number 9780842379427
020 ## - INTERNATIONAL STANDARD BOOK NUMBER
International Standard Book Number 9780842379441
020 ## - INTERNATIONAL STANDARD BOOK NUMBER
International Standard Book Number 0842379428
020 ## - INTERNATIONAL STANDARD BOOK NUMBER
International Standard Book Number 0842379444
040 ## - CATALOGING SOURCE
Transcribing agency GBC
082 ## - DEWEY DECIMAL CLASSIFICATION NUMBER
Classification number 236.24
Item number ALC 1
100 ## - MAIN ENTRY--PERSONAL NAME
Personal name RAlcorn, Randy C
245 ## - TITLE STATEMENT
Title Heaven /
Remainder of title Randy C. Alcorn
260 ## - PUBLICATION, DISTRIBUTION, ETC.
Place of publication, distribution, etc. Wheaton, Ill. :
Name of publisher, distributor, etc. Tyndale House Publishers,
Date of publication, distribution, etc. ©2004
300 ## - PHYSICAL DESCRIPTION
Extent xxii, 516 pages ;
Other physical details 24 cm
505 ## - FORMATTED CONTENTS NOTE
Formatted contents note We all have questions about what heaven will be like. Randy Alcorn helps answer some of these questions by sharing his extensive research on the topic--all from a biblical perspective. His writing will surprise readers and stretch their thinking beyond anything they've imagined heaven to be like. And Heaven will help readers strive for eternity while they're living on earth
505 ## - FORMATTED CONTENTS NOTE
Formatted contents note Preface : About this book<br/>Introduction : The subject of heaven<br/>Part 1 : A theology of heaven. Realizing our destiny<br/>Understanding the intermediate heaven<br/>Grasping redemption's far reach<br/>Anticipating resurrection<br/>Seeing the earth restored<br/>Celebrating our relationship with God<br/>Ruling on the new earth<br/>Part 2 : Questions and answers about heaven. What will the resurrected earth be like?<br/>What will our lives be like?<br/>What will our relationships be like?<br/>What about animals?<br/>What will we do in heaven?<br/>Part 3 : Living in light of heaven. Reorienting ourselves to heaven as our home<br/>Anticipating the great adventure<br/>Appendix A : Christoplatonism's false assumptions<br/>Appendix B : Literal and figurative interpretation<br/>About the author<br/>
650 ## - SUBJECT ADDED ENTRY--TOPICAL TERM
Topical term or geographic name entry element Heaven
Form subdivision Christianity
942 ## - ADDED ENTRY ELEMENTS (KOHA)
Source of classification or shelving scheme Dewey Decimal Classification
Koha item type Books
Suppress in OPAC No
Holdings
Withdrawn status Lost status Source of classification or shelving scheme Damaged status Not for loan Home library Current Library Shelving location Date acquired Total checkouts Full call number Barcode Date last seen Copy number Price effective from Koha item type
    Dewey Decimal Classification     GRACE BIBLE COLLEGE GRACE BIBLE COLLEGE Theology 2025-11-13   236.24 ALC 017237 2025-11-13 c.1 2025-11-13 Books
© Grace Bible College Library 2025